INFORMATION TECHNOLOGY ON THE MOVE: TECHNICAL AND BEHAVIORAL EVOLUTIONS OF MOBIL TELECOMMUNICATIONS / (Record no. 13980)
[ view plain ]
| 000 -الفاتح | |
|---|---|
| حقل البيانات ثابتة الطول | 00735nam a2200229Ia 4500 |
| 008 - عناصر البيانات ثابتة الطول - معلومات عامة | |
| حقل البيانات ثابتة الطول | 140319s9999 xx 000 0 eng d |
| 040 ## - مصدر الفهرسة | |
| وكالة الفهرسة الأصلية | GCL / |
| وكالة النسخ | GCL |
| 082 04 - رقم تصنيف ديوى العشرى | |
| رقم التصنيف | 388.3124 |
| رقم المادة | U I |
| 100 1# - المدخل الرئيسى - إسم شخصى | |
| الإسم الشخصى | SOMMERVILLE, FRASER |
| 245 10 - بيان العنوان | |
| العنوان | INFORMATION TECHNOLOGY ON THE MOVE: TECHNICAL AND BEHAVIORAL EVOLUTIONS OF MOBIL TELECOMMUNICATIONS / |
| بيان المسئوليه,etc | SOMMERVILLE, FRASER |
| 700 1# - المدخل الاضافى - اسم شخصى | |
| الإسم الشخصى | UNDERWOOD, GEOFFREY |
| 700 1# - المدخل الاضافى - اسم شخصى | |
| الإسم الشخصى | UNDERWOOD, JEAN D.M |
| 700 1# - المدخل الاضافى - اسم شخصى | |
| الإسم الشخصى | HENGVELD, WILLEM |
| 260 ## - PUBLICATION, DISTRIBUTION, ETC. (IMPRINT) | |
| تاريخ النشر أو التوزيع | 1994 |
| 300 ## - الوصف المادى | |
| التعداد | 245 P |
| 650 04 - المدخل الاضافى بالموضوع-مصطلح موضوعى | |
| مصطلح موضوعي | EUROPEAN ECONOMIC COMMUNITY |
| 650 04 - المدخل الاضافى بالموضوع-مصطلح موضوعى | |
| مصطلح موضوعي | INTELLIGENT VEHICLE HIGHWAY |
| 650 04 - المدخل الاضافى بالموضوع-مصطلح موضوعى | |
| مصطلح موضوعي | AUTOMOBILE DRIVING |
| 650 04 - المدخل الاضافى بالموضوع-مصطلح موضوعى | |
| مصطلح موضوعي | TRANSPORTATION AUTOMOTIVE |
| 942 ## - عناصر المدخل الإضافي( كوها) | |
| مصدر التصنيف او مخطط الترفيف | Dewey Decimal Classification |
| Koha [default] item type | كتاب |
| 260 ## - PUBLICATION, DISTRIBUTION, ETC. (IMPRINT) | |
| -- | [S.N] : |
| -- | JOHN WILEY AND SONS. INC ، |
| حالة التراجع | حالة الفقد | حالة تلف | ليس للاعارة | المكان المؤقت | الموقع الحالى | تاريخ الاكتساب | اجمالي اﻻعارات | رقم الطلب | الباركود | تاريخ اخر مشاهدة | تاريخ تفعيل السعر | نوع وعاء كوها |
|---|---|---|---|---|---|---|---|---|---|---|---|---|
| مكتبة القاهرة الكبرى | مكتبة القاهرة الكبرى | 03/26/2014 | 388.3124\U I | 26413 | 03/26/2014 | 03/26/2014 | كتاب |

